Mathématiques: classe de premiére C, D, E

Salvato in:
Dettagli Bibliografici
Autori principali: Monge, Maurice (autor), Cassignol, C (Autore), Pelle, J. P (Autore), Pécastaings, F (Autore)
Natura: Libro
Lingua:francese
Pubblicazione: París Librairie Belin 1970
Soggetti:
Tags: Aggiungi Tag
Nessun Tag, puoi essere il primo ad aggiungerne!!

MARC

LEADER 00000nam a2200000 a 4500
001 UCQ8673
003 CL-VaPUC
008 981217e19700000FR |||||||||||||||||fre|d
082 0 4 |a 372.7  |b MON  |2 21 
100 |a Monge, Maurice  |e autor  |9 422753 
700 0 |a Cassignol, C  |e author  |9 422754 
700 0 |a Pelle, J. P  |e author  |9 422755 
700 0 |a Pécastaings, F  |e author  |9 422756 
245 1 0 |a Mathématiques: classe de premiére C, D, E 
300 |a v 
942 |c BK 
945 |d 19981217 00:00:00  |a cmena 
260 |a París  |b Librairie Belin  |c 1970 
500 |a Arrèté du 19 mars 1970, Bulletin Officiel du 23 Avril 1970 
500 |a v.1: Notions générales, fonctions numériques d'une variable réelle, équations et inéquations, géométrie vectorielle, statistiques et probabilités 
500 |a v.2: Espaces affinés, espaces vectoriels euclidiens, fonctions circulaires, cinématique, géométrie métrique, géométrie descriptive, tables numériques 
650 0 |a Educación básica   |9 224933 
650 0 |a Métodos de enseñanza  |9 270413 
650 0 |a Ejercicios   |9 269807 
650 0 |a Matemática  |9 260235 
650 0 |a Matemáticas  |x Enseñanza  |9 875527 
583 |a last modification  |c 19981217 00:00:00  |k Rodrigo Vera 
999 |c 277861  |d 277859 
952 |0 0  |1 0  |4 0  |6 372_700000000000000_MON_1970  |7 0  |8 A  |9 316118  |a BIBMAT  |b BIBMAT  |c E_DIDACT  |d 2019-11-20  |h v.2  |i 1307495  |o 372.7 MON 1970  |p 1307495  |r 2025-01-07  |w 2019-11-20  |y BK  |k MAT